000 00537nam a2200193 a 4500
005 20210219153040.0
008 991125n 000 0 u
035 _aUPN01000074697
100 _aAUGENTI, Antonio
222 _aRICERCHE DIDATTICHE
245 _aL'educazione interculturale e il ruolo degli insegnanti
300 _a257-259
362 _a1992 Anno 42, no. 11-12 (359-360) nov.-dic.
653 0 _aEDUCACION MULTICULTURAL
653 0 _aENSEƑANZA
653 0 _aMAESTROS
904 _aAC
_b012508
905 _aArticulo
999 _c67062
_d67062